Mecánica vectorial para ingenieros II : (Record no. 218966)
[ view plain ]
| 000 -CABECERA | |
|---|---|
| campo de control de longitud fija | 01350nam a2200337 a 4500 |
| 003 - IDENTIFICADOR DEL NÚMERO DE CONTROL | |
| campo de control | CHAP |
| 005 - FECHA Y HORA DE LA ÚLTIMA TRANSACCIÓN | |
| campo de control | 20230620175329.0 |
| 007 - CAMPO FIJO DE DESCRIPCIÓN FÍSICA--INFORMACIÓN GENERAL | |
| campo de control de longitud fija | ta |
| 008 - DATOS DE LONGITUD FIJA--INFORMACIÓN GENERAL | |
| campo de control de longitud fija | 230619s1964 mx ad||fr|||| 001 0 spa d |
| 040 ## - FUENTE DE LA CATALOGACIÓN | |
| Centro catalogador/agencia de origen | mxchpua |
| Centro/agencia transcriptor | CHAP |
| Normas de descripción | rda |
| 050 10 - SIGNATURA TOPOGRÁFICA DE LA BIBLIOTECA DEL CONGRESO | |
| Número de clasificación | TA350 |
| Número de documento/Ítem | .N37 1964 |
| 082 00 - NÚMERO DE LA CLASIFICACIÓN DECIMAL DEWEY | |
| Número de clasificación | 531.0151563 |
| Número de documento/Ítem | N37 1964 |
| Número de edición | 20 |
| 100 1# - ENTRADA PRINCIPAL--NOMBRE DE PERSONA | |
| 9 (RLIN) | 80128 |
| Nombre de persona | Nara, Harry R. |
| Término indicativo de función/relación | autor |
| 240 10 - TÍTULO UNIFORME | |
| Título uniforme | Vector mechanics for engineers, part II : dynamics. |
| Lenguaje de la obra | Español |
| 245 10 - MENCIÓN DE TÍTULO | |
| Título | Mecánica vectorial para ingenieros II : |
| Resto del título | dinámica / |
| Mención de responsabilidad, etc. | Harry R. Nara ; traductor Ramón Cortés Barrios |
| 250 ## - MENCIÓN DE EDICIÓN | |
| Mención de edición | 1a edición |
| 264 ## - PRODUCCIÓN, PUBLICACIÓN, DISTRIBUCIÓN, FABRICACIÓN Y COPYRIGHT | |
| Producción, publicación, distribución, fabricación y copyright | México : |
| Nombre del de productor, editor, distribuidor, fabricante | Limusa, |
| Fecha de producción, publicación, distribución, fabricación o copyright | 1964 |
| 300 ## - DESCRIPCIÓN FÍSICA | |
| Extensión | 454 páginas : |
| Otras características físicas | ilustraciones, gráficas, diagramas |
| 336 ## - TIPO DE CONTENIDO | |
| Fuente | rdacontent |
| Término de tipo de contenido | texto |
| Código de tipo de contenido | txt |
| 337 ## - TIPO DE MEDIO | |
| Fuente | rdamedia |
| Nombre/término del tipo de medio | sin medio |
| Código del tipo de medio | n |
| 338 ## - TIPO DE SOPORTE | |
| Fuente | rdacarrier |
| Nombre/término del tipo de soporte | volumen |
| Código del tipo de soporte | nc |
| 505 0# - NOTA DE CONTENIDO CON FORMATO | |
| Información miscelánea | 1. Notas históricas sobre la dinámica --<br/>2. Cinemática --<br/>3. Dinámica de la partícula --<br/>4. Dinámica de un sistema de partículas --<br/>5. Dinámica de los cuerpos rígidos --<br/>6. Dinámica de los sistemas vibrtorios |
| 650 13 - PUNTO DE ACCESO ADICIONAL DE MATERIA--TÉRMINO DE MATERIA | |
| 9 (RLIN) | 32626 |
| Término de materia o nombre geográfico como elemento de entrada | Dinámica |
| 650 13 - PUNTO DE ACCESO ADICIONAL DE MATERIA--TÉRMINO DE MATERIA | |
| 9 (RLIN) | 73818 |
| Término de materia o nombre geográfico como elemento de entrada | Mecánica aplicada |
| 650 13 - PUNTO DE ACCESO ADICIONAL DE MATERIA--TÉRMINO DE MATERIA | |
| 9 (RLIN) | 5995 |
| Término de materia o nombre geográfico como elemento de entrada | Análisis vectorial |
| 650 13 - PUNTO DE ACCESO ADICIONAL DE MATERIA--TÉRMINO DE MATERIA | |
| 9 (RLIN) | 187433 |
| Término de materia o nombre geográfico como elemento de entrada | Dynamics |
| 650 13 - PUNTO DE ACCESO ADICIONAL DE MATERIA--TÉRMINO DE MATERIA | |
| 9 (RLIN) | 150315 |
| Término de materia o nombre geográfico como elemento de entrada | Mechanics, Applied |
| 650 13 - PUNTO DE ACCESO ADICIONAL DE MATERIA--TÉRMINO DE MATERIA | |
| 9 (RLIN) | 154498 |
| Término de materia o nombre geográfico como elemento de entrada | Vectorial analysis |
| 700 1# - PUNTO DE ACCESO ADICIONAL--NOMBRE DE PERSONA | |
| 9 (RLIN) | 187434 |
| Nombre de persona | Cortés Barrios, Ramón |
| Término indicativo de función/relación | traductor |
| 942 ## - ELEMENTOS DE PUNTO DE ACCESO ADICIONAL (KOHA) | |
| Fuente del sistema de clasificación o colocación | Dewey Decimal Classification |
| Tipo de ítem Koha | |
| Estado de retiro | Estado de pérdida | Fuente del sistema de clasificación o colocación | Estado dañado | Restricciones de uso | No para préstamo | Código de colección | Localización permanente | Ubicación/localización actual | Fecha de adquisición | Fuente de adquisición | Enumeración/cronología de publicación seriada | Número de inventario | Total de préstamos | Signatura topográfica completa | Código de barras | Fecha visto por última vez | Número de copia | Precio válido a partir de | Tipo de ítem Koha |
|---|---|---|---|---|---|---|---|---|---|---|---|---|---|---|---|---|---|---|---|
| Dewey Decimal Classification | Préstamo interno | General | Ingenieria Agroindustrial | Ingenieria Agroindustrial | 19/01/2023 | Donación | Volumen: 2 | Donación | 531.0151563 N37 1964 | 1102014866 | 19/06/2023 | Ej. 1 | 19/06/2023 | Libro |
